| Tag |
First Indicator |
Second Indicator |
Subfields |
| LEADER |
00000cam a2200000 i 4500 |
| 001 |
in00000044928 |
| 005 |
20151007065133.0 |
| 008 |
770309s1932 enka 00110 engmb |
| 010 |
|
|
|a sg 32000002
|
| 035 |
|
|
|a (OCoLC)02786729
|
| 035 |
|
|
|9 AAE1360AM
|
| 040 |
|
|
|a DLC
|c GAT
|d TXA
|d UtOrBLW
|
| 049 |
|
|
|a TXAM
|c [60359]
|
| 050 |
0 |
0 |
|a TD380
|b .S72 1932
|
| 082 |
0 |
|
|a 543.3
|
| 092 |
|
|
|a 543.3
|b S865w2
|
| 100 |
1 |
|
|a Stocks, H. B.
|q (Herbert Birtwhistle)
|
| 245 |
1 |
0 |
|a Water analysis for sanitary and technical purposes /
|c by Herbert B. Stocks. Revised and enlarged by W. Gordon Carey.
|
| 250 |
|
|
|a Second edition, reset.
|
| 264 |
|
1 |
|a London :
|b Griffin,
|c 1932.
|
| 300 |
|
|
|a viii, 135 pages :
|b illustrations ;
|c 20 cm.
|
| 336 |
|
|
|a text
|b txt
|2 rdacontent
|
| 337 |
|
|
|a unmediated
|b n
|2 rdamedia
|
| 338 |
|
|
|a volume
|b nc
|2 rdacarrier
|
| 650 |
|
0 |
|a Water
|x Analysis.
|
| 700 |
1 |
|
|a Carey, William Gordon,
|d 1885-
|
| 999 |
|
|
|a MARS
|
| 999 |
f |
f |
|s 067d97af-91f5-3322-b2d0-fe4d25ee6482
|i afe0cfab-41c8-3647-95d4-422ec104dd16
|t 0
|
| 952 |
f |
f |
|p ric
|a Texas A&M University
|b Rellis Campus
|c Joint Library Facility
|d Remote Storage
|t 0
|e TD380 .S72 1932
|h Library of Congress classification
|i unmediated -- volume
|m A14800939565
|
| 998 |
f |
f |
|a TD380 .S72 1932
|t 0
|l Remote Storage
|